[Event "Erfurt op-B 29th"]
[Site "Erfurt"]
[Date "2019.12.29"]
[Round "6"]
[White "Kosovska, Olena"]
[Black "Siebarth, Marco"]
[Result "0-1"]
[WhiteElo "1876"]
[BlackElo "2020"]
[PlyCount "126"]
[EventDate "2019.12.26"]
[EventType "swiss"]
[EventRounds "8"]
[EventCountry "GER"]
[SourceTitle "EXT 2021"]
[Source "ChessBase"]
[SourceDate "2020.10.23"]
[SourceVersion "1"]
[SourceVersionDate "2020.10.23"]
[SourceQuality "1"]

1. e4 c5 2. Nc3 a6 3. a4 e6 4. f4 d5 5. Nf3 Be7 6. g3 Nc6 7. e5 Nh6 8. Bg2 Nf5 9. 0-0 h5 10. Ne2 d4 11. d3 Nb4 12. Re1 Nd5 13. Bh1 Nfe3 14. Bxe3 Nxe3 15. Qd2 Nf5 16. c3 Bd7 17. cxd4 cxd4 18. Rec1 Bc6 19. Rc4 Bd5 20. Rc2 Bb3 21. Rcc1 a5 22. Qe1 Qd7 23. Qf2 Rd8 24. Nd2 Bd5 25. Ne4 b6 26. Bf3 Bxe4 27. Bxe4 Bc5 28. Qf3 Ke7 29. Bc6 Qc7 30. Rab1 Rc8 31. Bb5 Qb8 32. Kf2 Ne3 33. Ba6 Rc7 34. h3 Qa8 35. Bb5 Qxf3+ 36. Kxf3 Rcc8 37. Kf2 f6 38. exf6+ gxf6 39. Ng1 Rhg8 40. Nf3 Nf5 41. Rg1 Ne3 42. Rbe1 Kd6 43. Nd2 Bb4 44. Ne4+ Ke7 45. Rc1 f5 46. Ng5 Bd2 47. Rc6 Rxc6 48. Bxc6 Rc8 49. Bf3 Rc2 50. Bxh5 Ng4+ 51. hxg4 Be3+ 52. Ke1 Bxg1 53. gxf5 exf5 54. Nh3 Be3 55. Bd1 Rxb2 56. Ng5 Bf2+ 57. Kf1 Bxg3 58. Nf3 Bxf4 59. Nxd4 Kf6 60. Ne2 Be3 61. Nc3 Bd4 62. Ne2 Ke5 63. Kg2 Rd2 0-1

[Event "Erfurt op-B 29th"]
[Site "Erfurt"]
[Date "2019.12.26"]
[Round "1"]
[White "Geissler, Gerd"]
[Black "Siebarth, Marco"]
[Result "1/2-1/2"]
[WhiteElo "1731"]
[BlackElo "2020"]
[PlyCount "54"]
[EventDate "2019.12.26"]
[EventType "swiss"]
[EventRounds "8"]
[EventCountry "GER"]
[SourceTitle "EXT 2021"]
[Source "ChessBase"]
[SourceDate "2020.10.23"]
[SourceVersion "1"]
[SourceVersionDate "2020.10.23"]
[SourceQuality "1"]

1. d3 d5 2. Nd2 Nf6 3. e4 e5 4. Ngf3 Nc6 5. Be2 Bc5 6. 0-0 0-0 7. c3 dxe4 8. dxe4 a5 9. Qc2 Qe7 10. Nc4 b5 11. Ne3 Rb8 12. Nd5 Nxd5 13. exd5 Nd8 14. Be3 Re8 15. b3 Bxe3 16. fxe3 Qc5 17. Rad1 Qxe3+ 18. Kh1 Rb6 19. Bd3 Qh6 20. Rfe1 Qh5 21. Qf2 Bd7 22. Re4 f6 23. Rh4 Qf7 24. Bxh7+ Kf8 25. c4 bxc4 26. bxc4 g5 27. Qc5+ Qe7 1/2-1/2

[Event "Oberliga Ost-B 1920"]
[Site "Germany"]
[Date "2019.12.08"]
[Round "5.5"]
[White "Siebarth, Marco"]
[Black "Stork, Oliver"]
[Result "0-1"]
[WhiteElo "2018"]
[BlackElo "2367"]
[PlyCount "76"]
[EventDate "2019.09.29"]
[EventType "team-tourn"]
[EventRounds "11"]
[EventCountry "GER"]
[SourceTitle "EXT 2021"]
[Source "ChessBase"]
[SourceDate "2020.10.23"]
[SourceVersion "1"]
[SourceVersionDate "2020.10.23"]
[SourceQuality "1"]
[WhiteTeam "Stadtilm Blau Weiss"]
[BlackTeam "Oberursel"]
[WhiteTeamCountry "GER"]
[BlackTeamCountry "GER"]

1. Nc3 d5 2. e4 d4 3. Nce2 e5 4. Ng3 Be6 5. Bb5+ Nd7 6. d3 c6 7. Bc4 Bxc4 8. dxc4 Bb4+ 9. Kf1 Ne7 10. a3 Bd6 11. Nf3 a5 12. a4 Nc5 13. Ne1 0-0 14. Nd3 Qd7 15. Nxc5 Bxc5 16. Qd3 Rfb8 17. Bd2 b5 18. b3 bxc4 19. Qxc4 Qd6 20. Bg5 Rb4 21. Bxe7 Qxe7 22. Qd3 Qe6 23. Ke2 Be7 24. Nf1 Bg5 25. h4 Bh6 26. f3 c5 27. g4 Bf4 28. Nd2 Bxd2 29. Kxd2 Rc8 30. h5 Qh6+ 31. Kd1 c4 32. bxc4 Rbxc4 33. Ra3 Qf4 34. Rf1 h6 35. Rf2 Rb4 36. Qd2 Qg3 37. Ke2 Rb2 38. Kf1 Qh3+ 0-1

[Event "Oberliga Ost-B 1819"]
[Site "Germany"]
[Date "2019.02.02"]
[Round "6.5"]
[White "Siebarth, Marco"]
[Black "Graf, Gerd"]
[Result "1/2-1/2"]
[WhiteElo "1986"]
[BlackElo "2236"]
[PlyCount "77"]
[EventDate "2018.10.21"]
[EventType "team-tourn"]
[EventRounds "11"]
[EventCountry "GER"]
[SourceTitle "EXT 2020"]
[Source "ChessBase"]
[SourceDate "2019.10.17"]
[SourceVersion "1"]
[SourceVersionDate "2019.10.17"]
[SourceQuality "1"]
[WhiteTeam "Stadtilm Blau Weiss"]
[BlackTeam "Nied Koenig"]
[WhiteTeamCountry "GER"]
[BlackTeamCountry "GER"]

1. e4 e6 2. d4 d5 3. Nd2 dxe4 4. Nxe4 Qd5 5. Bd3 Nf6 6. f3 Nbd7 7. Ne2 c5 8. c3 Be7 9. Nf4 Qc6 10. dxc5 Nxe4 11. Bxe4 Qxc5 12. Qe2 0-0 13. Be3 Qc7 14. 0-0 Nf6 15. Bc2 Bd6 16. g3 e5 17. Ng2 Be6 18. Rfd1 Bc5 19. Bxc5 Qxc5+ 20. Qe3 Qxe3+ 21. Nxe3 Rfd8 22. a3 Kf8 23. Kf2 g6 24. Rxd8+ Rxd8 25. Rd1 Rc8 26. Rd2 Ke7 27. f4 exf4 28. gxf4 Rc5 29. Rd4 Ng4+ 30. Nxg4 Bxg4 31. c4 Be6 32. Bd3 b6 33. b4 Rc7 34. Ke3 Kf6 35. Rd6 Ke7 36. Rd4 h6 37. h4 Kf6 38. Rd8 Ke7 39. Rd4 1/2-1/2

[Event "Erfurt op-B 28th"]
[Site "Erfurt"]
[Date "2018.12.29"]
[Round "6"]
[White "Reichelt, Ole"]
[Black "Siebarth, Marco"]
[Result "0-1"]
[WhiteElo "1860"]
[BlackElo "2008"]
[PlyCount "82"]
[EventDate "2018.12.26"]
[EventType "swiss"]
[EventRounds "8"]
[EventCountry "GER"]
[SourceTitle "EXT 2021"]
[Source "ChessBase"]
[SourceDate "2020.10.23"]
[SourceVersion "1"]
[SourceVersionDate "2020.10.23"]
[SourceQuality "1"]

1. d4 d5 2. Nf3 c6 3. e3 Nf6 4. Bd3 Nbd7 5. Nbd2 g6 6. 0-0 Bg7 7. Qe2 0-0 8. e4 dxe4 9. Nxe4 Nxe4 10. Qxe4 Re8 11. Qh4 Nf8 12. Bh6 Bxh6 13. Qxh6 Bg4 14. Ne5 Be6 15. c3 f6 16. Nxg6 hxg6 17. Rfe1 Qd5 18. Bxg6 Bf7 19. Bc2 Qh5 20. Qf4 Ne6 21. Qg3+ Kf8 22. Re4 f5 23. Rh4 Qg5 24. Qh3 Nf4 25. Rh8+ Kg7 26. Rh7+ Kf6 27. Qh4 Qxh4 28. Rxh4 Ng6 29. Rh3 e5 30. dxe5+ Rxe5 31. Rf3 Rd8 32. g4 Be6 33. Bb3 Bd5 34. Rd3 Nf4 35. Rd2 Nh3+ 36. Kf1 Bc4+ 37. Kg2 Rxd2 38. Bxc4 Rxf2+ 39. Kg3 f4+ 40. Kh4 Rxh2 41. g5+ Rxg5 0-1

[Event "Erfurt op-B 28th"]
[Site "Erfurt"]
[Date "2018.12.29"]
[Round "7"]
[White "Siebarth, Marco"]
[Black "Minor, Viatcheslav"]
[Result "1/2-1/2"]
[WhiteElo "2008"]
[BlackElo "2022"]
[PlyCount "70"]
[EventDate "2018.12.26"]
[EventType "swiss"]
[EventRounds "8"]
[EventCountry "GER"]
[SourceTitle "EXT 2021"]
[Source "ChessBase"]
[SourceDate "2020.10.23"]
[SourceVersion "1"]
[SourceVersionDate "2020.10.23"]
[SourceQuality "1"]

1. e4 e6 2. d4 d5 3. Nd2 c5 4. Ngf3 cxd4 5. exd5 Qxd5 6. Bc4 Qd6 7. 0-0 Nf6 8. Nb3 Nc6 9. Nbxd4 Nxd4 10. Qxd4 Qxd4 11. Nxd4 a6 12. a4 Bc5 13. Nb3 Ba7 14. Be2 0-0 15. Bf3 e5 16. Re1 Re8 17. Be3 e4 18. Bxa7 Rxa7 19. Rad1 Bf5 20. Nd4 Bg6 21. Be2 Raa8 22. c3 Re7 23. Nc2 Rae8 24. Ne3 Kf8 25. Rd4 Rd7 26. Red1 Red8 27. Rxd7 Rxd7 28. Rxd7 Nxd7 29. b4 Ne5 30. a5 Ke7 31. Nc4 Nc6 32. g4 f6 33. Ne3 Kd6 34. Kg2 Ne7 35. Kg3 Be8 1/2-1/2

[Event "Oberliga Ost-B 1819"]
[Site "Germany"]
[Date "2018.11.10"]
[Round "2.4"]
[White "Siebarth, Marco"]
[Black "Jakob, Matthias"]
[Result "1/2-1/2"]
[WhiteElo "1986"]
[BlackElo "2104"]
[PlyCount "81"]
[EventDate "2018.10.21"]
[EventType "team-tourn"]
[EventRounds "11"]
[EventCountry "GER"]
[SourceTitle "EXT 2020"]
[Source "ChessBase"]
[SourceDate "2019.10.17"]
[SourceVersion "1"]
[SourceVersionDate "2019.10.17"]
[SourceQuality "1"]
[WhiteTeam "Stadtilm Blau Weiss"]
[BlackTeam "Erfurt Medizin"]
[WhiteTeamCountry "GER"]
[BlackTeamCountry "GER"]

1. e4 Nc6 2. Nf3 d6 3. d4 Nf6 4. Nc3 g6 5. h3 Bg7 6. Be3 0-0 7. Qd2 a6 8. a4 e5 9. dxe5 dxe5 10. Qxd8 Rxd8 11. Bc4 h6 12. Rd1 Be6 13. Bxe6 fxe6 14. 0-0 g5 15. Bc5 Nd7 16. Ba3 Nf6 17. b3 Nd4 18. Be7 Rd7 19. Bxf6 Bxf6 20. Nxd4 exd4 21. Ne2 Rad8 22. Rd3 b5 23. axb5 axb5 24. b4 Be7 25. Rfd1 e5 26. c3 c5 27. bxc5 Bxc5 28. Kf1 b4 29. cxb4 Bxb4 30. Ng3 Rc7 31. Nf5 Bf8 32. Ne3 Ra8 33. Nd5 Rc2 34. R1d2 Raa2 35. Ke2 Kf7 36. Rxc2 Rxc2+ 37. Rd2 Rxd2+ 38. Kxd2 Bd6 39. Kd3 h5 40. g4 hxg4 41. hxg4 1/2-1/2

[Event "Oberliga Ost-B 1718"]
[Site "Germany"]
[Date "2017.12.10"]
[Round "4.6"]
[White "Foermes, Alexander"]
[Black "Siebarth, Marco"]
[Result "1/2-1/2"]
[WhiteElo "2066"]
[BlackElo "2024"]
[PlyCount "57"]
[EventDate "2017.10.22"]
[EventType "team-tourn"]
[EventRounds "11"]
[EventCountry "GER"]
[SourceTitle "EXT 2019"]
[Source "ChessBase"]
[SourceDate "2018.10.10"]
[SourceVersion "1"]
[SourceVersionDate "2018.10.10"]
[SourceQuality "1"]
[WhiteTeam "Marburg"]
[BlackTeam "Stadtilm Blau Weiss"]
[WhiteTeamCountry "GER"]
[BlackTeamCountry "GER"]

1. c4 c6 2. g3 e6 3. Bg2 d5 4. Nf3 Nf6 5. 0-0 Be7 6. d4 0-0 7. Qc2 Nbd7 8. Nbd2 a5 9. e4 dxe4 10. Nxe4 Nxe4 11. Qxe4 Nf6 12. Qc2 c5 13. Rd1 Qb6 14. Qb3 Qa6 15. Bf4 a4 16. Qc2 cxd4 17. Nxd4 Bd7 18. Qe2 Rac8 19. Rac1 Bc5 20. Be5 Rfd8 21. Qf3 Bxd4 22. Rxd4 Bc6 23. Qd1 Rxd4 24. Qxd4 Bxg2 25. Kxg2 Qc6+ 26. f3 Ne8 27. Qd3 f6 28. Bf4 e5 29. Be3 1/2-1/2

[Event "Erfurt HT op 26th"]
[Site "Erfurt"]
[Date "2016.12.27"]
[Round "2"]
[White "Siebarth, Marco"]
[Black "Reucker, Friedrich"]
[Result "1-0"]
[WhiteElo "2024"]
[BlackElo "1798"]
[PlyCount "51"]
[EventDate "2016.12.26"]
[EventType "swiss"]
[EventRounds "8"]
[EventCountry "GER"]
[SourceTitle "EXT 2018"]
[Source "ChessBase"]
[SourceDate "2017.10.13"]
[SourceVersion "1"]
[SourceVersionDate "2017.10.13"]
[SourceQuality "1"]

1. e4 c5 2. Nf3 d6 3. d4 cxd4 4. Nxd4 Nf6 5. Nc3 a6 6. g3 e5 7. Nde2 Be6 8. Bg2 Be7 9. 0-0 0-0 10. h3 Qd7 11. Kh2 Nc6 12. Be3 h5 13. Qd2 Na5 14. b3 b5 15. f4 b4 16. Na4 Qb5 17. Nb6 Rab8 18. f5 Bd7 19. c4 bxc3 20. Nxc3 Qc6 21. Ncd5 Bd8 22. Rac1 Qb7 23. Nxf6+ gxf6 24. Nxd7 Qxd7 25. Rfd1 Bc7 26. Qe2 1-0

[Event "Erfurt HT op 26th"]
[Site "Erfurt"]
[Date "2016.12.26"]
[Round "1"]
[White "Voeller, Lothar"]
[Black "Siebarth, Marco"]
[Result "0-1"]
[WhiteElo "1763"]
[BlackElo "2024"]
[PlyCount "103"]
[EventDate "2016.12.26"]
[EventType "swiss"]
[EventRounds "8"]
[EventCountry "GER"]
[SourceTitle "EXT 2018"]
[Source "ChessBase"]
[SourceDate "2017.10.13"]
[SourceVersion "1"]
[SourceVersionDate "2017.10.13"]
[SourceQuality "1"]

1. c4 c6 2. Nc3 Nf6 3. Nf3 d5 4. cxd5 cxd5 5. d4 e6 6. e3 Be7 7. Bb5+ Nbd7 8. 0-0 0-0 9. a3 Ne4 10. Ne2 a6 11. Bxd7 Bxd7 12. Ng3 Bb5 13. Re1 a5 14. Nd2 f5 15. Ndxe4 fxe4 16. Bd2 Qb6 17. Qg4 Bd7 18. Bc3 Rf7 19. Reb1 Raf8 20. Be1 a4 21. Qd1 Qa6 22. b4 Bb5 23. Rc1 Bc4 24. Rc3 Bd6 25. Rac1 b5 26. Qg4 Rf6 27. h4 Rg6 28. Qh3 Bxg3 29. fxg3 Rf1+ 30. Kh2 h5 31. Bd2 Rf2 32. Be1 Rf5 33. R1c2 Qd6 34. Rf2 Rxf2 35. Bxf2 Be2 36. Kg1 Bg4 37. Qh1 Rf6 38. Rc2 Rf7 39. Kh2 g5 40. hxg5 e5 41. dxe5 Qxe5 42. Qe1 h4 43. Kg1 h3 44. Qc3 Qxc3 45. Rxc3 h2+ 46. Kxh2 Rxf2 47. Rc5 d4 48. exd4 e3 49. Kg1 Rd2 50. d5 Rd1+ 51. Kh2 e2 52. Rc8+ 0-1

[Event "GER HS-213 email"]
[Site "GER email"]
[Date "2016.10.17"]
[Round "?"]
[White "Fuss, Heinrich"]
[Black "Siebarth, Marco"]
[Result "1/2-1/2"]
[WhiteElo "1850"]
[BlackElo "1896"]
[PlyCount "53"]
[EventDate "2016.10.24"]
[EventType "tourn (corr)"]
[EventRounds "6"]
[EventCountry "GER"]
[SourceTitle "Corr 2020"]
[Source "ChessBase"]
[SourceDate "2019.09.30"]
[SourceVersion "1"]
[SourceVersionDate "2019.09.30"]
[SourceQuality "1"]

1. d4 Nf6 2. c4 e6 3. Nf3 Bb4+ 4. Bd2 Qe7 5. g3 Nc6 6. Nc3 Bxc3 7. Bxc3 Ne4 8. Rc1 0-0 9. Bg2 d6 10. d5 Nb8 11. Qd3 Nxc3 12. Qxc3 Nd7 13. dxe6 fxe6 14. Nd2 e5 15. 0-0 c6 16. Ne4 Nc5 17. Nxc5 dxc5 18. Rcd1 Bf5 19. Rd2 Rad8 20. Rfd1 h6 21. h3 Rd4 22. e3 Rxd2 23. Rxd2 a6 24. a3 Kh7 25. b4 Rf7 26. Kh2 Bg6 27. Qb2 1/2-1/2

[Event "GER HS-213 email"]
[Site "GER email"]
[Date "2016.10.17"]
[Round "?"]
[White "Siebarth, Marco"]
[Black "Krumm, Guenther"]
[Result "1/2-1/2"]
[WhiteElo "1896"]
[BlackElo "1943"]
[PlyCount "49"]
[EventDate "2016.10.24"]
[EventType "tourn (corr)"]
[EventRounds "6"]
[EventCountry "GER"]
[SourceTitle "Corr 2020"]
[Source "ChessBase"]
[SourceDate "2019.09.30"]
[SourceVersion "1"]
[SourceVersionDate "2019.09.30"]
[SourceQuality "1"]

1. e4 c5 2. Nf3 Nc6 3. d4 cxd4 4. Nxd4 Nf6 5. Nc3 e5 6. Ndb5 d6 7. Bg5 a6 8. Na3 b5 9. Nd5 Be7 10. Bxf6 Bxf6 11. c4 b4 12. Nc2 0-0 13. Be2 Bg5 14. 0-0 Rb8 15. Qd3 Be6 16. b3 g6 17. h3 Kg7 18. Rfd1 a5 19. Nde3 Qb6 20. Nf5+ gxf5 21. exf5 Ne7 22. fxe6 fxe6 23. Rf1 Kh8 24. Bg4 d5 25. Rad1 1/2-1/2

[Event "GER T233-B40-S email"]
[Site "GER email"]
[Date "2016.01.17"]
[Round "?"]
[White "Siebarth, Marco"]
[Black "Haas, Bernhard"]
[Result "1/2-1/2"]
[WhiteElo "1839"]
[BlackElo "1935"]
[PlyCount "57"]
[EventDate "2016.01.20"]
[EventType "tourn (corr)"]
[EventRounds "8"]
[EventCountry "GER"]
[SourceTitle "Corr 2020"]
[Source "ChessBase"]
[SourceDate "2019.09.30"]
[SourceVersion "1"]
[SourceVersionDate "2019.09.30"]
[SourceQuality "1"]

1. e4 c5 2. Nf3 e6 3. d4 cxd4 4. Nxd4 Bc5 5. Nb3 Bb6 6. Nc3 Ne7 7. Bf4 d5 8. Qf3 Nbc6 9. exd5 exd5 10. 0-0-0 Be6 11. Bc4 Nb4 12. Bg5 0-0 13. Bxd5 Nbxd5 14. Bxe7 Qxe7 15. Nxd5 Bxd5 16. Rxd5 Rad8 17. Rdd1 a5 18. Kb1 a4 19. Nc1 a3 20. Rhe1 Qb4 21. Qxa3 Qxa3 22. bxa3 Bxf2 23. Rxd8 Rxd8 24. Re7 b6 25. Kb2 Bc5 26. Rb7 h5 27. Nd3 Bg1 28. h3 Re8 29. Nf4 1/2-1/2

[Event "GER T233-B40-S email"]
[Site "GER email"]
[Date "2016.01.17"]
[Round "?"]
[White "Siebarth, Marco"]
[Black "Hoexter, Heinrich"]
[Result "1/2-1/2"]
[WhiteElo "1839"]
[BlackElo "2061"]
[PlyCount "85"]
[EventDate "2016.01.20"]
[EventType "tourn (corr)"]
[EventRounds "8"]
[EventCountry "GER"]
[SourceTitle "Corr 2020"]
[Source "ChessBase"]
[SourceDate "2019.09.30"]
[SourceVersion "1"]
[SourceVersionDate "2019.09.30"]
[SourceQuality "1"]

1. e4 c5 2. Nf3 e6 3. d4 cxd4 4. Nxd4 Bc5 5. Nb3 Bb6 6. Nc3 Ne7 7. Bf4 d5 8. exd5 Nxd5 9. Nxd5 exd5 10. Qf3 Qe7+ 11. Be2 Nc6 12. 0-0 Be6 13. Qg3 Qf6 14. a4 a6 15. Bf3 0-0 16. c3 Rac8 17. Rfe1 Rfe8 18. Bd6 Qg6 19. Qxg6 hxg6 20. Bc5 Bc7 21. Bd4 b5 22. axb5 axb5 23. Red1 Ra8 24. Be2 b4 25. Bb5 Nxd4 26. Nxd4 Rxa1 27. Rxa1 Rb8 28. cxb4 Bd6 29. Ra4 Kf8 30. Ra6 Bc7 31. Nc6 Re8 32. g3 Bh3 33. Bf1 Bc8 34. Ra1 Bb6 35. b5 g5 36. Rd1 d4 37. h3 f6 38. b4 g4 39. h4 Bf5 40. Na5 Bc2 41. Rd2 Ba4 42. Be2 Re4 43. Ra2 1/2-1/2